Physical chemistry and mineralogy of soils. V 2. Soils in place (Record no. 29019)

MARC details
000 -LEADER
fixed length control field 00347nam a2200121Ia 4500
082 ## - DEWEY DECIMAL CLASSIFICATION NUMBER
Classification number 631.41
Item number MAR.2
100 ## - MAIN ENTRY--AUTHOR NAME
Personal name MARSHALL, C Edmund
245 #0 - TITLE STATEMENT
Title Physical chemistry and mineralogy of soils. V 2. Soils in place
260 ## - PUBLICATION, DISTRIBUTION, ETC. (IMPRINT)
Place of publication New York
Name of publisher John Wiley
Year of publication 1977
650 ## - SUBJECT ADDED ENTRY--TOPICAL TERM
Topical Term Soil mineralogy
942 ## - ADDED ENTRY ELEMENTS (KOHA)
Koha item type Books
Holdings
Withdrawn status Lost status Damaged status Not for loan Home library Current library Date acquired Full call number Accession Number Koha item type
        RRII Library RRII Library 16/12/2021 631.41 MAR.2 09609 Books